Cambridge english for job-hunting /
Guardado en:
| Autor Principal: | |
|---|---|
| Formato: | Libro |
| Publicado: |
Cambridge :
University Press,
2008
|
| Materias: | |
| Etiquetas: |
Agregar Etiqueta
Sin Etiquetas, Sea el primero en etiquetar este registro!
|
| LEADER | 00644nam a22002055a 4500 | ||
|---|---|---|---|
| 001 | EHU.bham043713 | ||
| 003 | AR-BHAM | ||
| 005 | 20160223142219.0 | ||
| 008 | 130507s2008##################000#0#####d | ||
| 020 | |a 9780521722155 | ||
| 082 | 4 | 2 | |a 428.4 |
| 100 | 1 | |a Downes, Colm | |
| 245 | 1 | 0 | |a Cambridge english for job-hunting / |c Colm Downes |
| 260 | |a Cambridge : |b University Press, |c 2008 | ||
| 300 | |a 112 p. | ||
| 500 | |a With Audio Cds (2) - Student's Book | ||
| 653 | |a Inglés | ||
| 653 | |a Inglés-enseñanza-aprendizaje | ||
| 653 | |a Empleo-búsqueda de-práctica de idioma inglés | ||
| 859 | |a AR-BHAM |b BIB. HUMANIDADES - General |h 428.4 |i D758 |p 25.16 |t Ej.1 | ||
